[Event "Schloss op 1st"]
[Site "Heusenstamm"]
[Date "2014.11.23"]
[Round "6.21"]
[White "Nixdorf, Andre"]
[Black "Rosenberger, Frank"]
[Result "1/2-1/2"]
[WhiteElo "1977"]
[BlackElo "2067"]
[PlyCount "65"]
[EventDate "2014.11.??"]
[EventType "swiss"]
[EventRounds "7"]
[EventCountry "GER"]
[WhiteTeam "SK Norderstedt"]
[BlackTeam "SK 1980 Gernsheim"]

1. e4 e6 2. d4 d5 3. Nc3 Bb4 4. e5 c5 5. a3 Bxc3+ 6. bxc3 Qc7 7. Nf3 Ne7 8. a4
Nbc6 9. Bd3 cxd4 10. cxd4 Nxd4 11. Nxd4 Qc3+ 12. Bd2 Qxd4 13. O-O Qxe5 14. Re1
Qc7 15. Qg4 Ng6 16. Qd4 O-O 17. h4 Qb6 18. Qxb6 axb6 19. h5 Ne7 20. Reb1 Bd7
21. Rxb6 Bc6 22. a5 Nc8 23. Rb4 f6 24. Be3 e5 25. Bc5 Rf7 26. a6 Rc7 27. Ra5
bxa6 28. Rxa6 Rxa6 29. Bxa6 Be8 30. Rb8 Bd7 31. Rb7 Rxc5 32. Rxd7 Nb6 33. Rd6
1/2-1/2

[Event "Schloss op 1st"]
[Site "Heusenstamm"]
[Date "2014.11.23"]
[Round "6.22"]
[White "Keller, Alexander"]
[Black "Baumgartl, Guenther"]
[Result "1-0"]
[WhiteElo "1963"]
[BlackElo "2060"]
[PlyCount "75"]
[EventDate "2014.11.??"]
[EventType "swiss"]
[EventRounds "7"]
[EventCountry "GER"]
[WhiteTeam "SK Buchloe"]
[BlackTeam "SC 1952 Obertshausen"]

1. Nc3 c5 2. Nf3 Nc6 3. d4 d5 4. Bf4 e6 5. e3 Bd6 6. Bxd6 Qxd6 7. Nb5 Qe7 8.
dxc5 Nf6 9. Nd6+ Kf8 10. Nd4 Bd7 11. Nxb7 Rb8 12. Nxc6 Bxc6 13. Na5 Qxc5 14.
Nb3 Qd6 15. Be2 Ke7 16. O-O Rhd8 17. Rb1 Rb4 18. Nd4 Bd7 19. a3 Rb6 20. c4 dxc4
21. Bxc4 e5 22. Nf3 Qc5 23. Qe2 Bg4 24. b4 Qc7 25. Qa2 Ne4 26. Rbc1 Bxf3 27.
Be2 Nc3 28. Bxf3 e4 29. Bxe4 Qe5 30. Qb2 Rh6 31. h3 Qxe4 32. Qxc3 Rd3 33. Qc5+
Rhd6 34. Rc4 Qe6 35. Qxa7+ Rd7 36. Qc5+ R3d6 37. Rd4 Qb3 38. Rfd1 1-0

[Event "Schloss op 1st"]
[Site "Heusenstamm"]
[Date "2014.11.23"]
[Round "6.23"]
[White "Lotz, Ralf"]
[Black "Eichner, Christian"]
[Result "0-1"]
[WhiteElo "1895"]
[BlackElo "2058"]
[PlyCount "63"]
[EventDate "2014.11.??"]
[EventType "swiss"]
[EventRounds "7"]
[EventCountry "GER"]
[WhiteTeam "SC 1952 Obertshausen"]
[BlackTeam "SV TuR Dresden"]

1. d4 Nf6 2. c4 g6 3. Nc3 d5 4. Nf3 Bg7 5. e3 O-O 6. Bd3 c5 7. cxd5 cxd4 8.
Nxd4 Nxd5 9. O-O Nxc3 10. bxc3 a6 11. Ba3 Qc7 12. Qb3 Rd8 13. Rfd1 e5 14. Ne2
Be6 15. Qb2 Nc6 16. Bc5 b5 17. Qa3 Na5 18. Be7 Rd7 19. Be4 Nc4 20. Qc5 Rad8 21.
Rxd7 Rxd7 22. Qxc7 Rxc7 23. Bh4 f5 24. Bc2 Kf7 25. a4 Bd7 26. Kf1 Bf8 27. axb5
Bxb5 28. Ke1 h6 29. Bg3 Kf6 30. h4 Nd6 31. Bd1 Ne4 32. Ra3 0-1

[Event "Schloss op 1st"]
[Site "Heusenstamm"]
[Date "2014.11.23"]
[Round "6.24"]
[White "Foskanjan, Serschik"]
[Black "Roemer, Torsten"]
[Result "0-1"]
[WhiteElo "1888"]
[BlackElo "2058"]
[PlyCount "86"]
[EventDate "2014.11.??"]
[EventType "swiss"]
[EventRounds "7"]
[EventCountry "GER"]
[WhiteTeam "SV Mainz Mombach"]
[BlackTeam "SK Niederbrechen 1948"]

1. e4 c5 2. Nf3 g6 3. c3 Bg7 4. d4 cxd4 5. Nxd4 Nc6 6. Be3 Nf6 7. f3 O-O 8. Nd2
d5 9. exd5 Nxd5 10. Nxc6 Nxe3 11. Nxd8 Nxd1 12. Rxd1 Rxd8 13. Bc4 b5 14. Bb3 b4
15. Ne4 Bb7 16. Nc5 Bc6 17. cxb4 Bxb2 18. O-O Ba3 19. Rxd8+ Rxd8 20. Rd1 Rxd1+
21. Bxd1 Bxb4 22. Nd3 Bd6 23. g3 Kg7 24. Kf2 e5 25. Bb3 f5 26. f4 e4 27. Ne5
Bc5+ 28. Ke2 Bb5+ 29. Bc4 Bxc4+ 30. Nxc4 Kf6 31. Ne5 Ke6 32. h3 a6 33. Kd2 Bf2
34. g4 Bb6 35. Nc4 Bc7 36. Ke3 Kd5 37. Nd2 Bb6+ 38. Ke2 h5 39. gxf5 gxf5 40.
Nf1 h4 41. Nd2 Kd4 42. Nb3+ Kc3 43. Nd2 Bc7 0-1

[Event "Schloss op 1st"]
[Site "Heusenstamm"]
[Date "2014.11.23"]
[Round "6.25"]
[White "Seickel, Ralf"]
[Black "Wolff, Peter"]
[Result "0-1"]
[WhiteElo "2054"]
[BlackElo "1957"]
[PlyCount "70"]
[EventDate "2014.11.??"]
[EventType "swiss"]
[EventRounds "7"]
[EventCountry "GER"]
[BlackTeam "VSG 1880 Offenbach"]

1. c4 c6 2. Nf3 d5 3. g3 Nf6 4. Bg2 Bf5 5. cxd5 cxd5 6. Qb3 Nc6 7. Qxb7 Bd7 8.
Qb3 Rb8 9. Qd1 e5 10. O-O Bd6 11. d3 O-O 12. Nc3 d4 13. Nb1 Qc7 14. Nbd2 Rfe8
15. Nc4 h6 16. Bd2 Be6 17. Rc1 Qd7 18. Qa4 Rec8 19. b3 Nd5 20. Rc2 Ndb4 21.
Nxd6 Qxd6 22. Bxb4 Nxb4 23. Rxc8+ Rxc8 24. Nxe5 Qxe5 25. Qxb4 Qxe2 26. Qxd4
Qxa2 27. b4 Qd2 28. Bf3 Bh3 29. Rd1 Rc1 30. Qd8+ Kh7 31. Be4+ f5 32. Bxf5+ Bxf5
33. Rxc1 Qxc1+ 34. Kg2 Qc6+ 35. Kf1 Qf3 0-1

[Event "Schloss op 1st"]
[Site "Heusenstamm"]
[Date "2014.11.23"]
[Round "6.26"]
[White "Zweschper, Erich"]
[Black "Maar, Samuel"]
[Result "1/2-1/2"]
[WhiteElo "2043"]
[BlackElo "1892"]
[PlyCount "82"]
[EventDate "2014.11.??"]
[EventType "swiss"]
[EventRounds "7"]
[EventCountry "GER"]
[WhiteTeam "SVG Eppstein 1932"]
[BlackTeam "SC Kaufungen"]

1. d4 d5 2. Nf3 Nf6 3. c4 c6 4. Nc3 Bf5 5. e3 e6 6. Be2 Be7 7. O-O O-O 8. Nh4
Bg4 9. Nf3 h6 10. h3 Bh5 11. b3 Nbd7 12. Bb2 Bd6 13. c5 Bb8 14. b4 Qc7 15. g3
Kh8 16. Kg2 g5 17. Ne5 Bxe2 18. Nxe2 Ne4 19. f3 Nxg3 20. Nxg3 f6 21. f4 fxe5
22. dxe5 gxf4 23. exf4 b6 24. Qh5 Kh7 25. f5 Nxe5 26. Bxe5 Qxe5 27. Qg6+ Kh8
28. fxe6 Qb2+ 29. Kh1 Bf4 30. Rab1 Rf6 31. Rxb2 Rxg6 32. Rxf4 Rxg3 33. Re2 bxc5
34. bxc5 Rxh3+ 35. Kg2 Rh5 36. e7 Rg5+ 37. Kf3 Re8 38. Rf6 h5 39. Rxc6 Rf5+ 40.
Kg3 Kg7 41. Rce6 d4 1/2-1/2

[Event "Schloss op 1st"]
[Site "Heusenstamm"]
[Date "2014.11.23"]
[Round "6.27"]
[White "Ovsepyan, Mikhail"]
[Black "Held, Carsten"]
[Result "0-1"]
[WhiteElo "1692"]
[BlackElo "2033"]
[PlyCount "52"]
[EventDate "2014.11.??"]
[EventType "swiss"]
[EventRounds "7"]
[EventCountry "GER"]
[WhiteTeam "Sfr Frankfurt 1921"]
[BlackTeam "SC Ladja Rossdorf"]

1. e4 c5 2. Nf3 g6 3. d4 Bg7 4. c3 cxd4 5. cxd4 d5 6. e5 Nc6 7. Nc3 Bg4 8. Be2
Bxf3 9. Bxf3 e6 10. O-O Qb6 11. Ne2 Nge7 12. b3 Nf5 13. Bb2 h5 14. g3 O-O 15.
Rc1 Bh6 16. Rc5 Nxe5 17. Nc3 Nxf3+ 18. Qxf3 Nxd4 19. Qf6 Bg7 20. Qe7 Nc6 21.
Qg5 Qxc5 22. Ne4 Qc2 23. Bxg7 Kxg7 24. Nf6 Rh8 25. g4 hxg4 26. Rc1 Qf5 0-1

[Event "Schloss op 1st"]
[Site "Heusenstamm"]
[Date "2014.11.23"]
[Round "6.29"]
[White "Kreyssig, Bruno"]
[Black "Schreiner, Roland"]
[Result "1-0"]
[WhiteElo "1875"]
[BlackElo "2150"]
[PlyCount "41"]
[EventDate "2014.11.??"]
[EventType "swiss"]
[EventRounds "7"]
[EventCountry "GER"]
[WhiteTeam "SG Leipzig"]
[BlackTeam "SC Heusenstamm"]

1. e4 d6 2. d4 Nf6 3. Nc3 g6 4. f4 c6 5. Nf3 Bg7 6. Bd3 Na6 7. e5 Nd5 8. Nxd5
cxd5 9. c3 Nc7 10. O-O O-O 11. Be3 b6 12. Qd2 a5 13. Rae1 f5 14. exf6 exf6 15.
f5 g5 16. Nxg5 fxg5 17. Bxg5 Bf6 18. Bh6 Bg7 19. Bxg7 Kxg7 20. f6+ Kh8 21. Re7
1-0

[Event "Schloss op 1st"]
[Site "Heusenstamm"]
[Date "2014.11.23"]
[Round "6.30"]
[White "Berkes, Joerg"]
[Black "Schrader, Hans Joachim"]
[Result "0-1"]
[WhiteElo "1775"]
[BlackElo "2043"]
[PlyCount "116"]
[EventDate "2014.11.??"]
[EventType "swiss"]
[EventRounds "7"]
[EventCountry "GER"]
[WhiteTeam "SK Langen"]
[BlackTeam "SV Kinzigtal"]

1. Nf3 d5 2. g3 Nc6 3. Bg2 e5 4. d3 Be7 5. c3 a5 6. Qa4 Bd7 7. Qb3 Nf6 8. Bg5
a4 9. Qc2 O-O 10. Nfd2 Be6 11. e4 dxe4 12. dxe4 Bc5 13. O-O h6 14. Bxf6 Qxf6
15. Nf3 Rfd8 16. Nbd2 a3 17. b3 b5 18. Rad1 Bb6 19. Nb1 Rxd1 20. Qxd1 b4 21.
Qe1 Bg4 22. Nfd2 bxc3 23. Nxc3 Bd4 24. Nb5 Bb6 25. Nc4 Bf3 26. Nxb6 cxb6 27.
Qe3 Bxg2 28. Kxg2 Nd4 29. Nc7 Rc8 30. Nd5 Qd6 31. Rc1 Rxc1 32. Qxc1 Kh7 33. b4
Qg6 34. Qe3 Nc2 35. Qe2 Nd4 36. Qd3 b5 37. f4 Qd6 38. Qxa3 exf4 39. Qd3 f3+ 40.
Kf2 Qe5 41. Ne3 Ne6 42. h4 Qb2+ 43. Qc2 Qxb4 44. e5+ g6 45. h5 Qd4 46. hxg6+
fxg6 47. Qd1 Qxe5 48. Qd7+ Ng7 49. Kxf3 h5 50. Nd5 Kh6 51. Qf7 Ne6 52. Qd7 Ng5+
53. Kf2 Ne4+ 54. Kf1 Nxg3+ 55. Kg2 Nf5 56. Qd8 Qe2+ 57. Kg1 Qe1+ 58. Kh2 Qf2+
0-1

[Event "Schloss op 1st"]
[Site "Heusenstamm"]
[Date "2014.11.23"]
[Round "6.31"]
[White "Modanese, Augusto"]
[Black "Weiss, Matthias"]
[Result "0-1"]
[WhiteElo "1875"]
[BlackElo "2042"]
[PlyCount "86"]
[EventDate "2014.11.??"]
[EventType "swiss"]
[EventRounds "7"]
[EventCountry "GER"]
[BlackTeam "SF Schoeneck"]

1. d4 Nf6 2. Nf3 g6 3. e3 Bg7 4. Be2 b6 5. O-O Bb7 6. Nbd2 O-O 7. Re1 c5 8. c3
d6 9. b4 Nbd7 10. bxc5 bxc5 11. Rb1 Qc7 12. Qa4 Bc6 13. Bb5 Bxb5 14. Rxb5 Rfb8
15. Ba3 Rxb5 16. Qxb5 Rb8 17. Qa6 Qb6 18. Qa4 Qb7 19. Nb3 Nb6 20. Qb5 Nbd5 21.
Qxb7 Rxb7 22. c4 Nb4 23. dxc5 Nc2 24. Na5 Rd7 25. c6 Rc7 26. Rb1 Nxa3 27. Rb3
Nxc4 28. Rb7 Nd5 29. Rxc7 Nxc7 30. Nxc4 d5 31. Na3 Kf8 32. Nd4 Bxd4 33. exd4 e6
34. Nc2 Ke7 35. Kf1 Kd6 36. Nb4 Nb5 37. c7 Kxc7 38. Nc2 Kb6 39. Ke1 Nc3 40. a3
Kb5 41. Kd2 Kc4 42. f3 Nb5 43. Ke3 Kc3 0-1

[Event "Schloss op 1st"]
[Site "Heusenstamm"]
[Date "2014.11.23"]
[Round "6.32"]
[White "Sanati, Charlotte"]
[Black "Syed, Tareq"]
[Result "0-1"]
[WhiteElo "1776"]
[BlackElo "2033"]
[PlyCount "82"]
[EventDate "2014.11.??"]
[EventType "swiss"]
[EventRounds "7"]
[EventCountry "GER"]
[WhiteTeam "SG Trier"]
[BlackTeam "SC Brett vorm Kopp Ffm"]

1. e4 c6 2. d4 Na6 3. Nc3 Nc7 4. Nf3 g6 5. Bd3 Bg7 6. O-O d6 7. h3 f6 8. Re1
Nh6 9. e5 fxe5 10. dxe5 d5 11. Ng5 O-O 12. Bd2 Ne6 13. Nxe6 Bxe6 14. Qc1 Nf5
15. Na4 b6 16. Bg5 Qd7 17. c3 h6 18. Bxf5 Rxf5 19. Bxh6 Raf8 20. Bxg7 Kxg7 21.
Qe3 d4 22. Qd2 Rf4 23. Qd3 c5 24. b3 c4 25. Qg3 Rxf2 26. Rf1 Rxf1+ 27. Rxf1
Rxf1+ 28. Kxf1 Qb5 29. Kf2 cxb3 30. axb3 Qxb3 31. Qg5 Qc2+ 32. Kg1 Qd1+ 33. Kh2
Kf7 34. Qf4+ Ke8 35. Qxd4 Qxd4 36. cxd4 b5 37. Nc5 Bc4 38. Kg3 a5 39. Ne4 a4
40. Nc3 a3 41. Kf2 b4 0-1

[Event "Schloss op 1st"]
[Site "Heusenstamm"]
[Date "2014.11.23"]
[Round "6.33"]
[White "Foermes, Alexander"]
[Black "Weiland, Thomas"]
[Result "1-0"]
[WhiteElo "2012"]
[BlackElo "1847"]
[PlyCount "81"]
[EventDate "2014.11.??"]
[EventType "swiss"]
[EventRounds "7"]
[EventCountry "GER"]
[WhiteTeam "SK Marburg 1931/72"]
[BlackTeam "SV Oberursel"]

1. c4 f5 2. g3 Nf6 3. Bg2 g6 4. Nc3 c6 5. Nf3 d6 6. d4 Bg7 7. O-O O-O 8. Qc2
Na6 9. a3 Nc7 10. b4 Bd7 11. a4 d5 12. cxd5 cxd5 13. Qb3 Kh8 14. Bf4 Ne6 15.
Be5 Rc8 16. Rfd1 a5 17. Bxf6 Bxf6 18. Nxd5 axb4 19. Nxf6 exf6 20. d5 Nc5 21.
Qxb4 b6 22. Nd4 Qc7 23. a5 bxa5 24. Qxa5 Qd6 25. Rab1 f4 26. Qb6 Qxb6 27. Rxb6
fxg3 28. hxg3 f5 29. Nc6 Rfe8 30. e3 Ra8 31. Rdb1 Ne4 32. Rb7 Nc5 33. Rc7 Rac8
34. d6 Be6 35. Na7 Rxc7 36. dxc7 Na6 37. Rc1 Rc8 38. Bf1 Nb4 39. Rb1 Nd5 40.
Rb8 Ne7 41. Nxc8 1-0

[Event "Schloss op 1st"]
[Site "Heusenstamm"]
[Date "2014.11.23"]
[Round "6.34"]
[White "Schneider, Johannes"]
[Black "Hinrichs, Niklas"]
[Result "1-0"]
[WhiteElo "2001"]
[BlackElo "1802"]
[PlyCount "85"]
[EventDate "2014.11.??"]
[EventType "swiss"]
[EventRounds "7"]
[EventCountry "GER"]
[WhiteTeam "SV Mainz Mombach"]
[BlackTeam "SK Bingen"]

1. e4 c5 2. Nf3 d6 3. c3 Nf6 4. Bb5+ Bd7 5. Bxd7+ Nbxd7 6. d3 e6 7. O-O Be7 8.
Re1 Qc7 9. Nbd2 O-O 10. d4 cxd4 11. Nxd4 a6 12. N2f3 Rfd8 13. h3 Rac8 14. Bg5
Ne5 15. Qe2 Nc4 16. b3 Ne5 17. c4 h6 18. Bh4 Ng6 19. Bxf6 Bxf6 20. g3 Ne5 21.
Rad1 Nxf3+ 22. Nxf3 Bc3 23. Rf1 Qc5 24. Rd3 Bf6 25. Rfd1 b5 26. e5 dxe5 27.
Rxd8+ Rxd8 28. Rxd8+ Bxd8 29. cxb5 axb5 30. Nxe5 b4 31. Nd3 Qa5 32. Qc2 Bf6 33.
Qd2 Bc3 34. Qc2 Qa8 35. Nc1 Qb7 36. a4 Bf6 37. Qc4 Be7 38. a5 Qf3 39. a6 Qd1+
40. Kg2 Qd7 41. Nd3 Qa7 42. Qc8+ Kh7 43. Qb7 1-0

[Event "Schloss op 1st"]
[Site "Heusenstamm"]
[Date "2014.11.23"]
[Round "6.35"]
[White "Stock, Juergen"]
[Black "Paeslack, Luis"]
[Result "1-0"]
[WhiteElo "1941"]
[BlackElo "1777"]
[PlyCount "115"]
[EventDate "2014.11.??"]
[EventType "swiss"]
[EventRounds "7"]
[EventCountry "GER"]
[WhiteTeam "SC Eschborn 1974"]
[BlackTeam "SK Mainaschaff"]

1. d4 c5 2. e3 Nf6 3. Bd3 b6 4. f4 d5 5. c3 g6 6. Nd2 Bg7 7. Qe2 O-O 8. Ngf3 a5
9. O-O Ba6 10. Bxa6 Nxa6 11. Ne5 Nc7 12. f5 Qd6 13. fxg6 fxg6 14. b3 b5 15. c4
dxc4 16. bxc4 cxd4 17. Ndf3 dxe3 18. cxb5 Nfd5 19. Bb2 Qb4 20. a4 Nf4 21. Qc4+
Qxc4 22. Nxc4 Bxb2 23. Nxb2 Ncd5 24. Nc4 Rac8 25. Nxa5 Rc2 26. Nc6 Rxg2+ 27.
Kh1 Rb2 28. Nfe5 Nh3 29. Rfb1 Nf2+ 30. Kg2 Nd3+ 31. Rxb2 Nxb2 32. a5 Ra8 33. a6
Nb6 34. Nd4 N2c4 35. Nxc4 Nxc4 36. Rc1 Nd6 37. Ra1 Nc4 38. a7 Kf7 39. Nc6 Ke6
40. Ra6 Kd7 41. Nb8+ Kd8 42. Kf3 Nd6 43. b6 Kc8 44. Ra4 Kb7 45. Rb4 h6 46. Kxe3
Rxb8 47. axb8=Q+ Kxb8 48. Kd4 Kb7 49. Kc5 h5 50. Ra4 Nc8 51. Re4 Ka6 52. h4 Kb7
53. Re6 Ka6 54. Rxg6 e5 55. Re6 Ka5 56. b7 e4 57. bxc8=Q e3 58. Qa6# 1-0

[Event "Schloss op 1st"]
[Site "Heusenstamm"]
[Date "2014.11.23"]
[Round "6.36"]
[White "Klebs, Sebastian"]
[Black "Held, Maurice"]
[Result "1/2-1/2"]
[WhiteElo "1930"]
[BlackElo "1634"]
[PlyCount "65"]
[EventDate "2014.11.??"]
[EventType "swiss"]
[EventRounds "7"]
[EventCountry "GER"]
[WhiteTeam "Karlsruher SF"]
[BlackTeam "SC Ladja Rossdorf"]

1. e4 g6 2. d4 Bg7 3. Nf3 c5 4. Bc4 cxd4 5. Nxd4 Nc6 6. Nxc6 bxc6 7. O-O d6 8.
Nc3 Nf6 9. h3 O-O 10. Be3 Bd7 11. Bb3 Ne8 12. Qd2 Nc7 13. Bh6 Ne6 14. Bxg7 Kxg7
15. Rfd1 Nc5 16. Bc4 Qb6 17. Rab1 a5 18. Qd4+ Kg8 19. Be2 Rab8 20. h4 Ne6 21.
Qxb6 Rxb6 22. g3 Rfb8 23. b3 Nc5 24. Bc4 Be6 25. Bxe6 Nxe6 26. f3 Nc7 27. Kf2
Nb5 28. Nxb5 cxb5 29. Rd5 Rc6 30. Rc1 e6 31. Rd2 Rbc8 32. Ke3 Rc3+ 33. Ke2
1/2-1/2

[Event "Schloss op 1st"]
[Site "Heusenstamm"]
[Date "2014.11.23"]
[Round "6.37"]
[White "Neukirchner, Pascal"]
[Black "Lanz, Udo"]
[Result "1/2-1/2"]
[WhiteElo "1726"]
[BlackElo "1885"]
[PlyCount "38"]
[EventDate "2014.11.??"]
[EventType "swiss"]
[EventRounds "7"]
[EventCountry "GER"]
[WhiteTeam "SK Gruendau"]
[BlackTeam "VSG 1880 Offenbach"]

1. d4 f5 2. c4 g6 3. g3 Bg7 4. Bg2 Nf6 5. Nc3 O-O 6. b3 d6 7. Bb2 c6 8. e4 Qc7
9. Nge2 e5 10. O-O Ng4 11. h3 Nh6 12. f4 exd4 13. Nxd4 Qb6 14. Na4 Qc7 15. c5
fxe4 16. cxd6 Qxd6 17. Ne2 Qe7 18. Bxg7 Qxg7 19. Qc2 Nd7 1/2-1/2

[Event "Schloss op 1st"]
[Site "Heusenstamm"]
[Date "2014.11.23"]
[Round "6.38"]
[White "Haftmann, Rainer"]
[Black "Pruemm, Stephan"]
[Result "1-0"]
[WhiteElo "1884"]
[BlackElo "1342"]
[PlyCount "93"]
[EventDate "2014.11.??"]
[EventType "swiss"]
[EventRounds "7"]
[EventCountry "GER"]
[WhiteTeam "SG 1945 Dietzenbach"]
[BlackTeam "SC Heusenstamm"]

1. e4 g6 2. d4 Bg7 3. Nf3 d6 4. c3 Bg4 5. h3 Bxf3 6. Qxf3 e5 7. Bc4 Qe7 8. dxe5
dxe5 9. O-O Nf6 10. Bg5 Nbd7 11. Nd2 Nc5 12. a4 a5 13. b4 axb4 14. cxb4 Ne6 15.
Bxf6 Bxf6 16. Bxe6 Qxe6 17. Qb3 Qe7 18. Rfd1 O-O 19. Nc4 Rfd8 20. Ne3 c6 21. b5
Rd4 22. bxc6 bxc6 23. Qc2 Ra6 24. Rxd4 exd4 25. Ng4 c5 26. Qd3 Ra5 27. Qd2 Ra6
28. f4 c4 29. e5 Bg7 30. Qxd4 Qa7 31. Qxa7 Rxa7 32. a5 Bf8 33. Nf6+ Kg7 34. Kf1
Be7 35. Ke2 Bxf6 36. exf6+ Kxf6 37. g4 Ke6 38. Kd2 Kd5 39. Kc3 Kc5 40. g5 Kb5
41. a6 Rxa6 42. Rxa6 Kxa6 43. Kxc4 Kb6 44. Kd5 Kb5 45. Ke5 Kc5 46. f5 gxf5 47.
Kxf5 1-0

[Event "Schloss op 1st"]
[Site "Heusenstamm"]
[Date "2014.11.23"]
[Round "6.39"]
[White "Schloessner, Henrik"]
[Black "Hinrichs, Paul"]
[Result "1-0"]
[WhiteElo "1938"]
[BlackElo "1644"]
[PlyCount "53"]
[EventDate "2014.11.??"]
[EventType "swiss"]
[EventRounds "7"]
[EventCountry "GER"]
[WhiteTeam "SK Gruendau"]
[BlackTeam "SK Bingen"]

1. e4 e5 2. Nf3 Nc6 3. Bb5 a6 4. Ba4 Bc5 5. O-O d6 6. c3 b5 7. Bb3 Nf6 8. d4
exd4 9. cxd4 Bb6 10. h3 O-O 11. Be3 Bb7 12. Nbd2 h6 13. a3 Re8 14. Qc2 Na5 15.
Ba2 Nxe4 16. b4 Nxd2 17. Nxd2 Nc6 18. Nf3 Qd7 19. Rad1 Ne7 20. Nh4 Bd5 21. Bb1
Qe6 22. Qh7+ Kf8 23. Rde1 Qf6 24. Qh8+ Ng8 25. Bh7 Qe6 26. Nf5 Qxf5 27. Qxg8+
1-0

[Event "Schloss op 1st"]
[Site "Heusenstamm"]
[Date "2014.11.23"]
[Round "6.40"]
[White "Modric, Vladimir"]
[Black "Deppe, Leo"]
[Result "1/2-1/2"]
[WhiteElo "1888"]
[BlackElo "1610"]
[PlyCount "60"]
[EventDate "2014.11.??"]
[EventType "swiss"]
[EventRounds "7"]
[EventCountry "GER"]
[WhiteTeam "SC 1965 Koenig Nied"]
[BlackTeam "SC Bad Soden"]

1. Nf3 Nf6 2. d3 d5 3. g3 Nc6 4. Bg2 Bg4 5. Nbd2 e5 6. h3 Bxf3 7. Bxf3 Nd4 8.
Bg2 Bc5 9. c3 Ne6 10. b4 Bb6 11. a4 a6 12. Ba3 O-O 13. O-O Re8 14. c4 c6 15.
Rc1 Rc8 16. Qb3 Nd4 17. Qd1 Qd7 18. e3 Nf5 19. c5 Bc7 20. Bb2 Re6 21. e4 Ne7
22. Qe2 Ng6 23. Rb1 Ra8 24. Bc3 b5 25. axb5 axb5 26. Ra1 Ree8 27. Nb3 d4 28.
Bd2 Qe6 29. Qd1 Rxa1 30. Nxa1 Ra8 1/2-1/2

[Event "Schloss op 1st"]
[Site "Heusenstamm"]
[Date "2014.11.23"]
[Round "6.41"]
[White "Schindelmeiser, Frank"]
[Black "Burow, Roger"]
[Result "1-0"]
[WhiteElo "1834"]
[BlackElo "1628"]
[PlyCount "89"]
[EventDate "2014.11.??"]
[EventType "swiss"]
[EventRounds "7"]
[EventCountry "GER"]
[WhiteTeam "SV Oberursel"]
[BlackTeam "SV 1920 Kelsterbach"]

1. c4 Nf6 2. g3 c6 3. Bg2 g6 4. Nc3 Bg7 5. Nf3 O-O 6. O-O d6 7. d4 Nbd7 8. e4
e5 9. d5 Nc5 10. Qe2 Qc7 11. b4 Ncd7 12. h3 a6 13. a4 cxd5 14. Nxd5 Nxd5 15.
cxd5 Nf6 16. Bd2 Bd7 17. Rfc1 Qd8 18. Ne1 Rc8 19. Qd1 Qb6 20. Nd3 Qa7 21. Be3
Qb8 22. Nb2 Rxc1 23. Rxc1 Rc8 24. Nc4 Bf8 25. Nb6 Rxc1 26. Qxc1 Qd8 27. f3 h5
28. a5 Kh7 29. h4 Be7 30. Bf1 Ne8 31. Kh2 Nf6 32. Bh3 Bxh3 33. Kxh3 Kg7 34.
Bh6+ Kh7 35. Bg5 Kg7 36. Kg2 Nh7 37. Bh6+ Kg8 38. Qc8 Qxc8 39. Nxc8 Bd8 40.
Nxd6 b6 41. Nb7 bxa5 42. Nxd8 axb4 43. Nc6 b3 44. Bc1 Nf8 45. Na5 1-0

[Event "Schloss op 1st"]
[Site "Heusenstamm"]
[Date "2014.11.23"]
[Round "6.42"]
[White "Guenther, Rainer"]
[Black "Khrapko, Marko"]
[Result "0-1"]
[WhiteElo "1644"]
[BlackElo "1830"]
[PlyCount "64"]
[EventDate "2014.11.??"]
[EventType "swiss"]
[EventRounds "7"]
[EventCountry "GER"]
[WhiteTeam "SV Mainz Mombach"]
[BlackTeam "SV KS 1929 Großauheim"]

1. e4 e5 2. Bc4 Nc6 3. d3 Nf6 4. c3 Bc5 5. Nf3 O-O 6. Bg5 d6 7. O-O Be6 8. Nbd2
Bb6 9. b4 Qd7 10. Bxf6 gxf6 11. a4 a5 12. Bb5 Qe7 13. Bxc6 bxc6 14. Nh4 Kh8 15.
Nf5 Bxf5 16. exf5 d5 17. bxa5 Bxa5 18. c4 Qd7 19. g4 Rg8 20. h3 Qxf5 21. Nb3
Bb4 22. Kh1 Qf4 23. Qe2 d4 24. f3 Rg6 25. Qe4 Qg3 26. Ra2 Qxh3+ 27. Kg1 Rh6 28.
f4 Rg8 29. g5 exf4 30. Nxd4 Rxg5+ 31. Rg2 Rxg2+ 32. Qxg2 Rg6 0-1

[Event "Schloss op 1st"]
[Site "Heusenstamm"]
[Date "2014.11.23"]
[Round "6.43"]
[White "Firinci, Erdem"]
[Black "Blank, Stefan"]
[Result "0-1"]
[WhiteElo "1633"]
[BlackElo "1808"]
[PlyCount "120"]
[EventDate "2014.11.??"]
[EventType "swiss"]
[EventRounds "7"]
[EventCountry "GER"]
[WhiteTeam "Sfr Heusenstam"]
[BlackTeam "SC Sulzbach"]

1. e4 c5 2. Nf3 d6 3. Nc3 g6 4. Bc4 Bg7 5. O-O Nf6 6. d3 O-O 7. Nd5 Nbd7 8.
Nxf6+ Nxf6 9. Bf4 Nh5 10. Bc1 a6 11. a3 b5 12. Ba2 a5 13. c3 Bd7 14. d4 cxd4
15. cxd4 Bg4 16. Be3 Rb8 17. h3 Bxf3 18. Qxf3 Nf6 19. Rac1 Qd7 20. e5 Ne8 21.
exd6 Nxd6 22. Rfd1 b4 23. axb4 Rxb4 24. Rc2 Nf5 25. Rdc1 Bxd4 26. Rc7 Qa4 27.
Bxd4 Nxd4 28. Bxf7+ Rxf7 29. Rc8+ Kg7 30. Qe3 Qb5 31. R1c5 Qe2 32. Qxe2 Nxe2+
33. Kf1 Nf4 34. Rxa5 Rxb2 35. f3 Nxg2 36. Rc3 Nf4 37. h4 Rh2 38. Ra4 Rxh4 39.
Rcc4 g5 40. Kf2 Rh2+ 41. Kg1 Rh3 42. Ra3 Rf6 43. Re4 e6 44. Ra7+ Rf7 45. Rxf7+
Kxf7 46. Kf2 Kf6 47. Ra4 Rh2+ 48. Kg1 Rd2 49. Ra7 h5 50. Ra3 h4 51. Re3 Kf5 52.
Kh1 Nd5 53. Re4 Rf2 54. Kg1 Rxf3 55. Re2 g4 56. Kh2 e5 57. Kh1 Nf4 58. Ra2 Rf1+
59. Kh2 Re1 60. Ra3 g3+ 0-1

[Event "Schloss op 1st"]
[Site "Heusenstamm"]
[Date "2014.11.23"]
[Round "6.44"]
[White "Bunjaku, Lulzim"]
[Black "Willenbring, Jens Dirk"]
[Result "1/2-1/2"]
[WhiteElo "1802"]
[BlackElo "1577"]
[PlyCount "104"]
[EventDate "2014.11.??"]
[EventType "swiss"]
[EventRounds "7"]
[EventCountry "GER"]
[WhiteTeam "SC Heusenstamm"]
[BlackTeam "Bad Vilbeler Sfr 1985"]

1. f4 d5 2. Nf3 Nf6 3. d4 Nc6 4. e3 Bg4 5. c4 e6 6. Nc3 Be7 7. a3 Ne4 8. Be2
Nxc3 9. bxc3 O-O 10. O-O Bf6 11. Ne5 Bxe2 12. Qxe2 Be7 13. c5 f5 14. Rf3 Nxe5
15. fxe5 g5 16. Bb2 g4 17. Rf2 Bh4 18. g3 Bg5 19. Raf1 c6 20. Kg2 Rf7 21. Rh1
h5 22. h3 Qd7 23. hxg4 hxg4 24. Rh5 Qe7 25. Rf1 Rh7 26. Rfh1 Rxh5 27. Rxh5 Kg7
28. Bc1 Rh8 29. Rxh8 Kxh8 30. Qf1 Qh7 31. Qh1 Qxh1+ 32. Kxh1 Kg7 33. Kg2 Kf7
34. Kf2 Ke7 35. Ke2 Kd7 36. Kd3 Kc7 37. c4 b6 38. cxd5 cxd5 39. cxb6+ axb6 40.
Kc3 Kc6 41. Kb4 Be7+ 42. Kb3 b5 43. Bd2 Kb6 44. Bb4 Bg5 45. Bd2 Bh6 46. Kb2 Bf8
47. Kb3 Bh6 48. a4 bxa4+ 49. Kxa4 Kc6 50. Ka5 Bg5 51. Ka6 Bh6 52. Bc1 Bg5
1/2-1/2